Представление документа в формате RUSMARC

ПолеНазваниеЗначение
  Тип записи a
  Библиографический уровень m
001 Контрольный номер RU/CBS_UL/BASE/cee3d41a3d914065888b45e9123684e7
005 Дата корректировки 20260427143619.2
010 Индекс ISBN __
a ISBN 978-5-6046783-1-2
b Уточнения в пер.
d Цена 6 р. 71 к.
9 Тираж 10 000 экз.
100 Данные общей обработки __
a Данные общей обработки 20260427d 0rusy0189## ca
101 Язык документа 0_
a Язык текста rus
102 Страна публикации __
a Страна публикации RU
200 Заглавие и сведения об ответственности 1_
a Заглавие Моя первая русская история
e Сведения, относящиеся к заглавию рассказах для детей с иллюстрациями
f Первые сведения об ответственности Н. Н. Головин
210 Выходные данные 1_
a Место издания Нижний Новгород
c Издательство Христианская библиотека
d Дата издания 2024
215 Физическое описание __
a Объем 127 с.
c Иллюстрации/тип воспроизводства ил.
d Формат 24,5 см.
300 Общие примечания __
a Общие примечания 6+ ; (Мл)
600 Персоналии _1
a Персоналии (Фамилия) Владимир Мономах
600 Персоналии _1
a Персоналии (Фамилия) Ольга, княгиня
600 Персоналии _1
a Персоналии (Фамилия) Дмитрий Донской
600 Персоналии _1
a Персоналии (Фамилия) Петр Великий
600 Персоналии _1
a Персоналии (Фамилия) Екатерина Великая
600 Персоналии _1
a Персоналии (Фамилия) Суворов
b Персоналии (Имя, инициалы) А. В.
606 Тематические рубрики 0_
a Основная рубрика Россия - История - Издания для детей
610 Ключевые слова 0_
a Ключевые слова история отечественная; история русская; рассказы детские; славяне; правители; императоры; князья русские; история войн; личности исторические; события исторические; татаро-монгольское иго; Смутное время; покорение Сибири Ермаком; издания для детей
686 Индексы других классификаций __
2 Код системы rubbk
a Классификационный индекс 63.3(2)
700 Автор _1
a Фамилия Головин
b Имя (инициалы) Н. Н.
g Полное личное имя Николай Николаевич
801 Источник записи _0
a Страна RU
b Организация МБУК ЦБС г. Ульяновска
c Дата составления 20260427
g Правила каталогизации RCR
801 Источник записи _1
a Страна RU
b Организация МБУК ЦБС г. Ульяновска
c Дата составления 20260427
g Правила каталогизации RCR
852 Данные о местонахождении __
i Авторский знак Г 61
j Шифр хранения 63.3(2)
900 Электронные ресурсы __
a Имя электронного ресурса н. головин моя первая
901 Тип документа __
t Тип документа m
909 Создатель записи __
a Создатель записи obr2
b Дата создания записи 20260427